| 000 | 02159nam a2200301 a 4500 | ||
|---|---|---|---|
| 001 | 000003565 | ||
| 003 | DO-SdBNP | ||
| 005 | 20230713104521.0 | ||
| 007 | ta | ||
| 008 | 090710s2007 dr 000 0 spa d | ||
| 020 | _a9789945427165 | ||
| 040 |
_aDO-SdBNP _bspa _cBPMSU |
||
| 082 | 4 |
_aRD868 _bM385p 2007 _222 |
|
| 100 | 1 | _aMartínez, Vianco, | |
| 245 | 1 | 0 |
_aPalabras ajenas : _bescritores extranjeros de paso por Santo Domingo / _cVianco Martínez ; edición a cargo de Basilio Belliard |
| 260 |
_aSanto Domingo : _bSecretaría de Estado de Cultura, _c2007. |
||
| 300 |
_a237 p. ; _c23 cm. |
||
| 500 | _aIncluye datos biográficos del autor en la solapa de la cubierta | ||
| 500 | _aIncluye referencias bibliogràficas y notas al pie de las páginas | ||
| 505 | 0 | _aPresentación. Basilio Belliard, 13 -- Una conversación con la eternidad. Vianco Martínez, 15 -- El día que Pablo Escobar mando a matar a Laura Restrepo. Laura Restrepo, 17 -- Vengo del país en donde no hay poetas presos. Zoé Valdés, 31 -- La condición humana es casi perversa. Abel Posse, 57 -- La censura es como si te cortaran las manos. Federico Andahazi, 85 -- En la derrota no hay compañía Sergio Ramírez, 103 -- La globalización nos hará más analfabetos. Sergio Ramírez, 117 -- La verdadera inmortalidad es la de los poetas. Eliseo Alberto, 129 -- El teniente Mario Conde es una metáfora de la Cuba contemporánea. Leonardo Padura, 147 --El poder me contamino. Tomas Borges, 159 / Yo no creo en la literatura femenina. Ana María Matute, 171 -- Siempre he querido que mis obras tengan un sello de eternidad. Miguel Barnett, 175 -- Ni el periodismo ni la literatura deben tener obligaciones con el Estado. Mayra Montero, 197 -- Los colombiano tienen de Aureliano Buendía una rebeldía nacida del desamparo y la soledad. William Ospina, 215. | |
| 590 | _6Inventariado, 2023/VM | ||
| 650 | 4 |
_aAutores hispanoamericanos _xEntrevistas |
|
| 650 | 4 |
_aLiteratura _xHistoria y crítica |
|
| 700 | 1 |
_aBelliard, Basilio, _eed. |
|
| 710 | 2 | _aSecretaria de Estado de Cultura (República Dominicana) | |
| 910 | _aVMateo V. Control de calidad (BPMSU) | ||
| 942 |
_2ddc _cBK |
||
| 999 |
_c14419 _d14419 |
||